<?xml version="1.0" encoding="UTF-8"?>
<collection xmlns="http://www.loc.gov/MARC21/slim">
 <record>
  <leader>01548nam a2200301 a 4500</leader>
  <controlfield tag="001">1/54338</controlfield>
  <controlfield tag="008">211103m19621972us            000 | eng d</controlfield>
  <datafield tag="040" ind1=" " ind2=" ">
   <subfield code="a">GR-PeUP</subfield>
  </datafield>
  <datafield tag="082" ind1="0" ind2="0">
   <subfield code="a">520 ADV</subfield>
  </datafield>
  <datafield tag="245" ind1="1" ind2="0">
   <subfield code="a">Advances in astronomy and astrophysics /</subfield>
   <subfield code="c">edited by Zdenek Kopal.</subfield>
  </datafield>
  <datafield tag="260" ind1=" " ind2=" ">
   <subfield code="a">New York :</subfield>
   <subfield code="b">Academic Press,</subfield>
   <subfield code="c">1962-1972.</subfield>
  </datafield>
  <datafield tag="300" ind1=" " ind2=" ">
   <subfield code="a">9 τ. (366 · 314 · 391 · 346 ·355 · 319 · 293 · 347 · 252 σ.) ;</subfield>
   <subfield code="c">25 εκ.</subfield>
  </datafield>
  <datafield tag="650" ind1=" " ind2="4">
   <subfield code="a">Αστρονομία.</subfield>
  </datafield>
  <datafield tag="650" ind1=" " ind2="4">
   <subfield code="a">Αστροφυσική.</subfield>
  </datafield>
  <datafield tag="650" ind1=" " ind2="0">
   <subfield code="a">Astronomy.</subfield>
  </datafield>
  <datafield tag="650" ind1=" " ind2="0">
   <subfield code="a">Astrophysics.</subfield>
  </datafield>
  <datafield tag="700" ind1="1" ind2=" ">
   <subfield code="a">Kopal, Zdeněk,</subfield>
   <subfield code="d">1914-1993.</subfield>
  </datafield>
  <datafield tag="852" ind1=" " ind2=" ">
   <subfield code="a">INST</subfield>
   <subfield code="b">UNIPILB</subfield>
   <subfield code="c">MAIN</subfield>
   <subfield code="e">20211129</subfield>
   <subfield code="h">520 ADV</subfield>
   <subfield code="p">00186188</subfield>
   <subfield code="q">00186188</subfield>
   <subfield code="t">LOAN</subfield>
   <subfield code="v">τομ.4:</subfield>
   <subfield code="y">0</subfield>
   <subfield code="4">1</subfield>
  </datafield>
  <datafield tag="852" ind1=" " ind2=" ">
   <subfield code="a">INST</subfield>
   <subfield code="b">UNIPILB</subfield>
   <subfield code="c">MAIN</subfield>
   <subfield code="e">20211129</subfield>
   <subfield code="h">520 ADV</subfield>
   <subfield code="p">00186191</subfield>
   <subfield code="q">00186191</subfield>
   <subfield code="t">LOAN</subfield>
   <subfield code="v">τομ.8:</subfield>
   <subfield code="y">0</subfield>
   <subfield code="4">1</subfield>
  </datafield>
  <datafield tag="852" ind1=" " ind2=" ">
   <subfield code="a">INST</subfield>
   <subfield code="b">UNIPILB</subfield>
   <subfield code="c">MAIN</subfield>
   <subfield code="e">20211103</subfield>
   <subfield code="h">520 ADV</subfield>
   <subfield code="p">00186251</subfield>
   <subfield code="q">00186251</subfield>
   <subfield code="t">LOAN</subfield>
   <subfield code="v">τομ.5:</subfield>
   <subfield code="y">0</subfield>
   <subfield code="4">1</subfield>
  </datafield>
  <datafield tag="852" ind1=" " ind2=" ">
   <subfield code="a">INST</subfield>
   <subfield code="b">UNIPILB</subfield>
   <subfield code="c">MAIN</subfield>
   <subfield code="e">20211103</subfield>
   <subfield code="h">520 ADV</subfield>
   <subfield code="p">00186252</subfield>
   <subfield code="q">00186252</subfield>
   <subfield code="t">LOAN</subfield>
   <subfield code="v">τομ.6:</subfield>
   <subfield code="y">0</subfield>
   <subfield code="4">1</subfield>
  </datafield>
  <datafield tag="852" ind1=" " ind2=" ">
   <subfield code="a">INST</subfield>
   <subfield code="b">UNIPILB</subfield>
   <subfield code="c">MAIN</subfield>
   <subfield code="e">20211103</subfield>
   <subfield code="h">520 ADV</subfield>
   <subfield code="p">00186253</subfield>
   <subfield code="q">00186253</subfield>
   <subfield code="t">LOAN</subfield>
   <subfield code="v">τομ.7:</subfield>
   <subfield code="y">0</subfield>
   <subfield code="4">1</subfield>
  </datafield>
  <datafield tag="852" ind1=" " ind2=" ">
   <subfield code="a">INST</subfield>
   <subfield code="b">UNIPILB</subfield>
   <subfield code="c">MAIN</subfield>
   <subfield code="e">20211103</subfield>
   <subfield code="h">520 ADV</subfield>
   <subfield code="p">00186254</subfield>
   <subfield code="q">00186254</subfield>
   <subfield code="t">LOAN</subfield>
   <subfield code="v">τομ.9:</subfield>
   <subfield code="y">0</subfield>
   <subfield code="4">1</subfield>
  </datafield>
  <datafield tag="852" ind1=" " ind2=" ">
   <subfield code="a">INST</subfield>
   <subfield code="b">UNIPILB</subfield>
   <subfield code="c">MAIN</subfield>
   <subfield code="e">20211103</subfield>
   <subfield code="h">520 ADV</subfield>
   <subfield code="p">00186283</subfield>
   <subfield code="q">00186283</subfield>
   <subfield code="t">LOAN</subfield>
   <subfield code="v">τομ.1:</subfield>
   <subfield code="y">0</subfield>
   <subfield code="4">1</subfield>
  </datafield>
  <datafield tag="852" ind1=" " ind2=" ">
   <subfield code="a">INST</subfield>
   <subfield code="b">UNIPILB</subfield>
   <subfield code="c">MAIN</subfield>
   <subfield code="e">20211103</subfield>
   <subfield code="h">520 ADV</subfield>
   <subfield code="p">00186284</subfield>
   <subfield code="q">00186284</subfield>
   <subfield code="t">LOAN</subfield>
   <subfield code="v">τομ.2:</subfield>
   <subfield code="y">0</subfield>
   <subfield code="4">1</subfield>
  </datafield>
  <datafield tag="852" ind1=" " ind2=" ">
   <subfield code="a">INST</subfield>
   <subfield code="b">UNIPILB</subfield>
   <subfield code="c">MAIN</subfield>
   <subfield code="e">20211103</subfield>
   <subfield code="h">520 ADV</subfield>
   <subfield code="p">00186285</subfield>
   <subfield code="q">00186285</subfield>
   <subfield code="t">LOAN</subfield>
   <subfield code="v">τομ.3:</subfield>
   <subfield code="y">0</subfield>
   <subfield code="4">1</subfield>
  </datafield>
  <datafield tag="853" ind1=" " ind2=" ">
   <subfield code="a">INST</subfield>
   <subfield code="b">UNIPILB</subfield>
   <subfield code="c">MAIN</subfield>
   <subfield code="h">520 ADV</subfield>
   <subfield code="l">τομ.9-τομ.1</subfield>
  </datafield>
  <datafield tag="960" ind1=" " ind2=" ">
   <subfield code="a">ΜΑΡΙΑ ΒΕΛ</subfield>
  </datafield>
 </record>
</collection>
